Integrationsmanagement von Tochtergesellschaften - Berücksichtigung des Einflusses auf den Produktentstehungsprozess

Prehľad aktuálneho stavu vedeckej literatúry na tému integrovaného manažmentu dcérskych spoločností so zreteľom na výrobný proces v oblasti automobilového priemyslu. Analýza vertikálnej integrácie dcérskej spoločnosti, ktorá vzniká prevzatím.

Gespeichert in:
Bibliographische Detailangaben
1. Verfasser: Barth, Martin, 1991-
Weitere Verfasser: Markovič, Peter, 1974-
Format: Buchkapitel
Sprache:Deutsch
Schlagworte:
Tags: Tag hinzufügen
Keine Tags, Fügen Sie das erste Tag hinzu!

MARC

LEADER 00000nla a2200000 4500
001 0239656
005 20240502073902.3
041 0 |a ger 
044 |a SK 
245 1 0 |a Integrationsmanagement von Tochtergesellschaften - Berücksichtigung des Einflusses auf den Produktentstehungsprozess  |c Martin Barth, Peter Markovič 
520 |a Prehľad aktuálneho stavu vedeckej literatúry na tému integrovaného manažmentu dcérskych spoločností so zreteľom na výrobný proces v oblasti automobilového priemyslu. Analýza vertikálnej integrácie dcérskej spoločnosti, ktorá vzniká prevzatím. 
610 2 0 |a manažment 
610 2 0 |a integrácia vertikálna 
610 2 0 |a proces výrobný 
610 2 0 |a priemysel automobilový 
610 2 0 |a prieskum informačný 
100 1 |a Barth, Martin, 1991- 
700 1 |a Markovič, Peter, 1974-